Fight global competition with 100 management ideas
| Main Author: | |
|---|---|
| Format: | Book |
| Published: |
Kuala Lumpur :
Golden Books Centre ,
[2000]
|
| Subjects: |
MARC
| LEADER | 00000cam a2200000 7i4500 | ||
|---|---|---|---|
| 001 | 0000003333 | ||
| 005 | 20050823.0 | ||
| 020 | 0 | 0 | |a 9837204427 |
| 090 | 0 | 0 | |a 658.401 |b BHA |
| 100 | 1 | 0 | |a Bhatia, R.L. |
| 245 | 1 | 0 | |a Fight global competition with 100 management ideas |c R L Bhatia |
| 260 | 0 | 0 | |a Kuala Lumpur : |b Golden Books Centre , |c [2000] |
| 300 | |a 194p. : |b ill. ; |c 24cm. | ||
| 650 | 0 | 0 | |a Management by objectives |
| 650 | 0 | 0 | |a Total quality management |
| 999 | |a 0000006347 |b Monograph |c Open Shelf |e Default branch | ||